000 01379nam a22003737a 4500
001 0047871
003 KOHA_MİRAKIL
005 20260207003600.0
007 ta
008 150402b2010 tu a|||gr||||#||||0|tur |
020 _a9786056108457
040 _aTR-BiSEU
_btur
_cTR-BiSEU
_erda
041 0 _atur
044 _ctu
050 _aTL140
_b.B46 2010
240 1 0 _amy name is Ford Otosan : Ford Otosan 50th anniversary
_lTürkçe
245 0 _aBenim adım Ford Otosan :
_bFord Otosan 50 yıl kurum tarihi =
_bmy name is Ford Otosan :
_bFord Otosan 50th anniversary /
_cVTR Araştırma Yapım Yönetim.
264 1 _aİstanbul :
_bVTR Araştırma Yapım Yönetim
_c2010
300 _a393 sayfa :
_bresimli ;
_c30 cm.
336 _ametin
_btxt
_2rdacontent
337 _aaracısız
_bn
_2rdamedia
338 _acilt
_bnc
_2rdacarrier
650 0 _aFord, Henry, 1863-1947.
_966993
650 0 _aKoç, Vehbi, 1901-1996.
_966994
650 0 _aFord family.
_966995
650 0 _aKoç family.
_966996
650 0 _aFord Motor Company--History.
_966997
650 0 _aAutomobile industry and trade--Turkey--Biography.
_966998
650 0 _aOtomobil endüstrisi ve ticareti--Türkiye--Biyografi.
_966999
650 0 _aBelgesel filmler.
_931092
650 0 _aDocumentary films.
_961599
650 0 _aVideo Kayıt Koleksiyonu.Video Recordings Collection.
_967000
942 _2lcc
_cBK
999 _c47713
_d47713